000 00318nam a2200121Ia 4500
008 220204s9999 xx 000 0 und d
082 _a389
_bVER
100 _aVERMAN, Lal C
245 0 _aStandardization: A new discipline
260 _aNew Delhi
_bAffiliated East West
_c1973
650 _aStandardization
942 _cBK
999 _c24013
_d24013